Central Library OPAC University of Rajshahi

The law of torts / (Record no. 9945)

MARC details
000 -LEADER
fixed length control field 00961cam a2200301 4500
001 - CONTROL NUMBER
control field 9945
003 - CONTROL NUMBER IDENTIFIER
rucl marc code BD-RjUL
005 - DATE AND TIME OF LATEST TRANSACTION
control field 20211208234853.0
008 - FIXED-LENGTH DATA ELEMENTS--GENERAL INFORMATION
fixed length control field 140122s1973 ii 001 0 eng
035 ## - SYSTEM CONTROL NUMBER
System control number (BD-RjUL)9991
040 ## - CATALOGING SOURCE
Original cataloging agency DLC
Transcribing agency DLC
Modifying agency DLC
-- BD-RjUL
Language of cataloging eng
041 ## - LANGUAGE CODE
Language code of text/sound track or separate title eng
082 00 - DEWEY DECIMAL CLASSIFICATION NUMBER
Classification number 346.5403
Author mark and year VAL 1973
Edition number 23
100 1# - MAIN ENTRY--PERSONAL NAME
Personal name Vakil, Manharlal Ratanlal.
9 (RLIN) 30722
245 14 - TITLE STATEMENT
Title The law of torts /
Statement of responsibility, etc. by Ratanlal Ranchhoddas and Dhirajlal Keshavlal Thakore.
250 ## - EDITION STATEMENT
Edition statement 20th ed.,
260 ## - PUBLICATION, DISTRIBUTION, ETC. (IMPRINT)
Place of publication, distribution, etc. Bombay :
Name of publisher, distributor, etc. Bombay Law Reporter [and] N. M. Tripathi,
Date of publication, distribution, etc. 1973.
300 ## - PHYSICAL DESCRIPTION
Pagination lxxx, 610 p. ;
Size 23 cm.
350 ## - PRICE (NR) (BK AM CF MU VM SE) [OBSOLETE]
Price Rs18.00
504 ## - BIBLIOGRAPHY, ETC. NOTE
Bibliography, etc Includes index.
650 #0 - SUBJECT ADDED ENTRY--TOPICAL TERM
Topical term or geographic name as entry element Torts
Geographic subdivision India.
9 (RLIN) 30723
Topical term or geographic name as entry element Torts
Geographic subdivision Great Britain.
9 (RLIN) 30724
700 02 - ADDED ENTRY--PERSONAL NAME
Personal name Ratanlal Ranchhoddas.
Personal name Thakore, Dhirajlal Keshavlal.
Personal name Sarkar, Amiya K.
942 ## - ADDED ENTRY ELEMENTS (KOHA)
Source of classification or shelving scheme Dewey Decimal Classification
Koha item type Books
Holdings
Lost status Source of classification or shelving scheme Damaged status Not for loan Collection code Permanent Location Current Location Shelving location Date acquired Source of acquisition Cost, normal purchase price Total Checkouts Full call number Date last seen Copy number Koha item type Date checked out
  Dewey Decimal Classification     Non-fiction Central Library, University of Rajshahi Central Library, University of Rajshahi   24/08/1973 Warist book cor. 24.00   346.5403 VAL 1973 22/01/2014 C-6 Books  
  Dewey Decimal Classification     Non-fiction Central Library, University of Rajshahi Central Library, University of Rajshahi   24/08/1973 warsi book carp 24.00   346.5403 VAL 1973 03/08/2016 C-2 Books  
  Dewey Decimal Classification     Non-fiction Central Library, University of Rajshahi Central Library, University of Rajshahi   24/08/1973 warsi book carp 24.00   346.5403 VAL 1973 03/08/2016 C-3 Books  
  Dewey Decimal Classification     Non-fiction Central Library, University of Rajshahi Central Library, University of Rajshahi   24/08/1973 warsi book carp 24.00   346.5403 VAL 1973 03/08/2016 C-4 Books  
  Dewey Decimal Classification     Non-fiction Central Library, University of Rajshahi Central Library, University of Rajshahi   24/08/1973 warsi book carp 24.00   346.5403 VAL 1973 03/08/2016 C-5 Books  
  Dewey Decimal Classification     Non-fiction Central Library, University of Rajshahi Central Library, University of Rajshahi   24/08/1973 warsi book carp 24.00   346.5403 VAL 1973 03/08/2016 C-7 Books  
  Dewey Decimal Classification     Non-fiction Central Library, University of Rajshahi Central Library, University of Rajshahi   24/08/1973 warsi book carp 24.00   346.5403 VAL 1973 03/08/2016 C-8 Books  
  Dewey Decimal Classification     Non-fiction Central Library, University of Rajshahi Central Library, University of Rajshahi   24/08/1973 warsi book carp 24.00   346.5403 VAL 1973 03/08/2016 C-9 Books  
  Dewey Decimal Classification     Non-fiction Central Library, University of Rajshahi Central Library, University of Rajshahi   24/08/1973 warsi book carp 24.00 1 346.5403 VAL 1973 21/05/2017 C-10 Books 06/05/2017